000 00906nas a2200301 4500
001 BR2013003130
003 BR-BrBNA
005 20231205122254.0
007 ta
008 230509b bl.|||p| |||| 00| 00por d
040 _aBR-BrBNA
_bpor
_cBiblioteca Nacional de Agricultura
041 _a(Pt)
072 _aF01; N20
100 1 _aMachado, T. de A.
100 1 _aSantos, F.L.
100 1 _aCunha, J.P.B.
100 1 _aCunha, D.A. da
100 1 _aCoelho, L.M.
245 1 _aPerdas na plataforma de corte de uma colhedora combinada de grãos na colheita de soja
650 _aAGRICULTURA
650 _aSOJA
650 _aCOLHEITA MECÂNICA
650 _aCOMBINADA
650 _aPERDA DURANTE A COLHEITA
773 0 _tEngenharia na Agricultura (Brazil)
_xISSN 1414-3984
_g(Dec 2012), v. 20(6) p. 537-543
_wBR2013003130
909 _a202311
_bLúcia
_c55
_dLúcia Elande
942 _2AGRIS
_n0
_cANA
999 _c227802
_d227802